Szczegóły MARC21

Krytyka kultury jako krytyka komunikacji : pomiędzy działaniem komunikacyjnym, dyskursem a kulturą masową /

003 -Nazwa inst., której nr kontr. jest w polu 001 [,]
    • @
    • Nazwa instytucji, której n kontrolny jest w polu 001
    • NUKAT
005 -DATA I CZAS OSTATNIEJ MODYFIKACJI [,]
    • @
    • pole kontrolne
    • 20241231114129.0
020 -Międzynarod. znormalizowany nr książki - ISBN [ , ]
    • a
    • Numer ISBN
    • 8322924305 Find
040 -Instytucja sporządzająca opis [ , ]
    • a
    • Instytucja, która sporządziła opis (NP)
    • WR U/hp
    • c
    • Instytucja, która sporządziła rekord (NP)
    • WR U/hp
    • d
    • Instytucja, która zmodyfikowała rekord (P)
    • WR U/dl
    • d
    • Instytucja, która zmodyfikowała rekord (P)
    • WA U/JKs
    • d
    • Instytucja, która zmodyfikowała rekord (P)
    • WR O/IS
041 -Język dokumentu [0, ]
    • a
    • Język tekstu (P)
    • polski
    • b
    • Język streszczeń lub abstraktu (P)
    • angielski
942 -Rodzaj dokumentu [ , ]
    • c
    • Rodzaj dokumentu
    • Książka
100 -Hasło główne - nazwa osobowa [1, ]
    • a
    • Nazwa osobowa (NP)
    • Stasiuk-Krajewska, Karina.
    • 9
    • KHW
    • 39323
245 -Strefa tytułu i oznaczenia odpowiedzialności [1,0]
    • a
    • Tytuł
    • Krytyka kultury jako krytyka komunikacji : Find
    • b
    • Ciąg dalszy tytułu (NP)
    • pomiędzy działaniem komunikacyjnym, dyskursem a kulturą masową / Find
    • c
    • Pozostałe elementy strefy tytułu i oznaczenia odpowiedzialności (NP)
    • Karina Stasiuk.
260 -Strefa adresu wydawniczego [ , ]
    • a
    • Miejsce wydania (P)
    • Wrocław :
    • b
    • Nazwa wydawcy (P)
    • Wydaw. Uniwersytetu Wrocławskiego,
    • c
    • Data wydania (P)
    • 2003.
300 -Strefa opisu fizycznego [ , ]
    • a
    • Określenie formy książki i/lub objętość (NP)
    • 250 s. ;
    • c
    • Format (NP)
    • 24 cm.
336 -Typ zawartości [ , ]
    • a
    • Termin opisujący typ zawartości
    • Tekst
    • b
    • Kod określający zawartość
    • txt
    • 2
    • Źródło (terminu i kodu)
    • rdacontent
337 -Typ mediów [ , ]
    • a
    • Tryb odtwarzania
    • Bez urządzenia pośredniczącego
    • b
    • Kod typu mediów
    • n
    • 2
    • Źródło (terminu i kodu)
    • rdamedia
338 -Typ/rodzaj nośnika [ , ]
    • a
    • Hasło opisujące typ nośnika
    • Wolumin
    • b
    • Kod typu nośnika
    • nc
    • 2
    • Źródło (terminu i kodu)
    • rdacarrier
490 -Strefa serii i książki wielotomowej - forma nie do wyszukiwania [1, ]
    • a
    • Tytuł (P)
    • Acta Universitatis Wratislaviensis, Find
    • x
    • ISSN (NP)
    • 0239-6661 ;
    • v
    • Numeracja (P)
    • no 2551
830 -Hasło dodatkowe serii i opisu książki wielotomowej - tytuł ujednolicony/tytuł [ ,0]
    • a
    • Tytuł ujednolicony/tytuł (NP)
    • Acta Universitatis Wratislaviensis
    • x
    • ISSN
    • 0239-6661
    • v
    • Oznaczenie tomu (NP)
    • nr 2551
    • 9
    • KHW
    • 49
504 -Uwaga dot. bibliogr. załącznikowej [ , ]
    • a
    • Uwaga dot. bibliografii załącznikowej
    • Bibliogr. s. [226]-242.
504 -Uwaga dot. bibliogr. załącznikowej [ , ]
    • a
    • Uwaga dot. bibliografii załącznikowej
    • Indeks.
546 -Uwaga dot. języka [ , ]
    • a
    • Uwaga dot. języka
    • Streszcz. ang.
080 -Uniwersalna Klasyfikacja Dziesiętna [ , ]
    • 2
    • Identyfikator wydania tablic
    • UDC-P022
    • a
    • Symbol klasyfikacji
    • 316.77
    • b
    • Dopowiedzenie
    • Socjologia komunikowania. Komunikacja społeczna. Wpływ środków masowego przekazu, decydentów, cenzury. Sprzężenie zwrotne komunikowania. Kultura audiowizualna.
080 -Uniwersalna Klasyfikacja Dziesiętna [ , ]
    • 2
    • Identyfikator wydania tablic
    • UDC-P022
    • a
    • Symbol klasyfikacji
    • 659.3
    • b
    • Dopowiedzenie
    • Informacja masowa. Środki masowego przekazu.
080 -Uniwersalna Klasyfikacja Dziesiętna [ , ]
    • 2
    • Identyfikator wydania tablic
    • UDC-P022
    • a
    • Symbol klasyfikacji
    • 141.7
    • b
    • Dopowiedzenie
    • Systemy odnoszące się do społeczeństwa.
080 -Uniwersalna Klasyfikacja Dziesiętna [ , ]
    • 2
    • Identyfikator wydania tablic
    • UDC-P022
    • a
    • Symbol klasyfikacji
    • 1
    • b
    • Dopowiedzenie
    • Filozofia. Psychologia.
    • x
    • Poddział wspólny
    • (430+44)
    • b
    • Dopowiedzenie
    • (Niemcy - Francja)
    • x
    • Poddział wspólny
    • "19"
600 -Hasło przedmiotowe w formie nazwy osobowej [1,7]
    • a
    • Nazwa osobowa
    • Habermas, Jürgen
    • d
    • Daty związane z nazwą
    • (1929- )
    • x
    • Określnik rzeczowy
    • krytyka i interpretacja.
    • 2
    • Źródło terminu
    • kaba
    • 9
    • KHW
    • 384876
600 -Hasło przedmiotowe w formie nazwy osobowej [1,7]
    • a
    • Nazwa osobowa
    • Foucault, Michel
    • d
    • Daty związane z nazwą
    • (1926-1984)
    • x
    • Określnik rzeczowy
    • krytyka i interpretacja.
    • 2
    • Źródło terminu
    • kaba
    • 9
    • KHW
    • 358099
650 -Hasło przedmiotowe [ ,7]
    • a
    • Hasło przedmiotowe
    • Kultura
    • x
    • Określnik rzeczowy
    • filozofia
    • y
    • Określnik chronologiczny
    • 20 w.
    • 2
    • Źródło terminu
    • kaba
    • 9
    • KHW
    • 388220
650 -Hasło przedmiotowe [ ,7]
    • a
    • Hasło przedmiotowe
    • Analiza dyskursu
    • x
    • Określnik rzeczowy
    • aspekt społeczny.
    • 2
    • Źródło terminu
    • kaba
    • 9
    • KHW
    • 364115
650 -Hasło przedmiotowe [ ,7]
    • a
    • Hasło przedmiotowe
    • Komunikacja
    • x
    • Określnik rzeczowy
    • aspekt społeczny.
    • 2
    • Źródło terminu
    • kaba
    • 9
    • KHW
    • 114868
650 -Hasło przedmiotowe [ ,7]
    • a
    • Hasło przedmiotowe
    • Postmodernizm
    • x
    • Określnik rzeczowy
    • aspekt społeczny.
    • 2
    • Źródło terminu
    • kaba
    • 9
    • KHW
    • 370053
650 -Hasło przedmiotowe [ ,7]
    • a
    • Hasło przedmiotowe
    • Kultura masowa
    • x
    • Określnik rzeczowy
    • filozofia.
    • 2
    • Źródło terminu
    • kaba
    • 9
    • KHW
    • 368515
980 -Symbol UKD [ , ]
    • a
    • UKD
    • 316.77:659.3:141.7:1(430+44)"19"Foucalt Michel
710 -Hasło dodatkowe - nazwa ciała zbiorowego [2, ]
    • a
    • Nazwa ciała zbiorowego lub nazwa geograficzna jako pierwszy element (NP)
    • Uniwersytet Wrocławski.
    • b
    • Nazwa jednostki podrzędnej (P)
    • Wydawnictwo.
    • 4
    • Kod relacji
    • pbl
    • 9
    • KHW
    • 54907
920 -ISBN [ , ]
    • a
    • ISBN
    • 83-229-2430-5 Find
Lokalizacja Data inwentaryzacji Status udost. Numer inwentarzowy
BG2007-07-201Pd.18644